000 01008nam0a22003011 4500
001 RU\NLR\INFOCOMM_161\5000048922
005 20250613091956.0
035 _a(NLR Aleph) 009138151
090 _a8319127
_c8319127
100 _a20090919d1976 |||y0rusy50 ca
101 0 _aeng
102 _aRU
105 _aa ||||000|y
200 1 _aStability of classical solutions
_fE. B. Bogomolny
210 _aChernogolovka
_d1976
215 _a20 с.
_cграфик.
_d21 см
225 1 _aPreprint
_fThe Acad. of sciences of the USSR. L. D. Landau inst. for theoretical physics
320 _aБиблиогр.: с. 18
606 _aКвантовая теория
_xКлассические решения
_xУстойчивость
_2nlr_sh1
686 _aВ315
_2rubbk
686 _aВ382.1
_2rubbk
700 1 _9z02790
_aBogomol'nyj
_bE. B.
_4070
790 1 _9z02700
_aBogomolny
_bE. B.
_4070
801 1 _aRU
_bNLR
_c20090919
801 0 _aRU
_bNLR
_gPSBO
852 _aNLR
_jФз01 Д-4/690
942 _cBOOK
980 _aNB